000
00216 a2200097 4500
001
37927
100
_a
Fry R
245
_a
How to improve your reading
260
_a
Delhi
_b
Vision Book
_c
1996
090
_c
24109
_d
24109
942
_a
NUST-CAE
_c
M
_c
15680
999
_c
273000
_d
273000